[Event "PUR-ch"]
[Site "Guaynabo"]
[Date "2020.12.13"]
[Round "9"]
[White "Candelario Fernandez, Jorge L"]
[Black "Diaz Montes, Edwin"]
[Result "0-1"]
[WhiteElo "1764"]
[BlackElo "2046"]
[PlyCount "70"]
[EventDate "2020.12.04"]
[EventType "tourn"]
[EventRounds "9"]
[EventCountry "PUR"]
[SourceTitle "EXT 2022"]
[Source "ChessBase"]
[SourceDate "2021.10.06"]
[SourceVersion "1"]
[SourceVersionDate "2021.10.06"]
[SourceQuality "1"]

1. e4 c5 2. Nf3 Nc6 3. c3 Nf6 4. d3 d5 5. e5 Nd7 6. d4 cxd4 7. cxd4 Nb6 8. h3 Bf5 9. a3 e6 10. Nc3 Be7 11. Bd3 Bxd3 12. Qxd3 Rc8 13. Bf4 0-0 14. 0-0 Nc4 15. Rab1 a6 16. Nd2 b5 17. Be3 Qb6 18. Rfd1 Rfd8 19. Na2 Rc7 20. b4 Rdc8 21. Nxc4 bxc4 22. Qc3 Na7 23. a4 Rb8 24. Rb2 Rcb7 25. Rdb1 Qd8 26. f4 Qe8 27. Qc2 Nc6 28. a5 Na7 29. Bd2 Nb5 30. Bc3 Na3 31. Qc1 Nxb1 32. Qxb1 f6 33. Rf2 fxe5 34. fxe5 Qa4 35. Qe1 Bh4 0-1

[Event "PUR-ch"]
[Site "Guaynabo"]
[Date "2020.12.12"]
[Round "7"]
[White "Candelario Fernandez, Jorge L"]
[Black "Santana Otero, Orlando"]
[Result "0-1"]
[WhiteElo "1764"]
[BlackElo "2082"]
[PlyCount "54"]
[EventDate "2020.12.04"]
[EventType "tourn"]
[EventRounds "9"]
[EventCountry "PUR"]
[SourceTitle "EXT 2022"]
[Source "ChessBase"]
[SourceDate "2021.10.06"]
[SourceVersion "1"]
[SourceVersionDate "2021.10.06"]
[SourceQuality "1"]

1. e4 c5 2. Nf3 d6 3. h3 Nc6 4. c4 g6 5. Nc3 Bg7 6. Be2 e6 7. 0-0 Nge7 8. d3 0-0 9. Bd2 Nd4 10. Qc1 f5 11. Bh6 Nec6 12. Bxg7 Kxg7 13. Qd1 Bd7 14. Nxd4 Nxd4 15. Nb1 fxe4 16. dxe4 Bc6 17. Nd2 Qh4 18. Bd3 e5 19. Qg4 Qh6 20. Rad1 Rf4 21. Qg3 Bxe4 22. Nxe4 Rxe4 23. Kh1 Rf4 24. f3 Raf8 25. Be4 Ne2 26. Qe1 Rxe4 27. Rd2 Ng3+ 0-1

[Event "PUR-ch"]
[Site "Guaynabo"]
[Date "2020.12.06"]
[Round "5"]
[White "Candelario Fernandez, Jorge L"]
[Black "Matta Calvente, Marcel"]
[Result "0-1"]
[WhiteElo "1764"]
[BlackElo "1834"]
[PlyCount "118"]
[EventDate "2020.12.04"]
[EventType "tourn"]
[EventRounds "9"]
[EventCountry "PUR"]
[SourceTitle "EXT 2022"]
[Source "ChessBase"]
[SourceDate "2021.10.06"]
[SourceVersion "1"]
[SourceVersionDate "2021.10.06"]
[SourceQuality "1"]

1. e4 d6 2. d4 g6 3. Be3 Bg7 4. g3 c5 5. c3 b6 6. Bg2 Bb7 7. Ne2 Nf6 8. f3 0-0 9. Qd2 e5 10. d5 c4 11. Na3 Ba6 12. Bh6 Nbd7 13. Bxg7 Kxg7 14. Nc2 Nc5 15. Nc1 Nh5 16. Ne3 f5 17. exf5 gxf5 18. Bh3 f4 19. Nf5+ Kh8 20. Qf2 Bc8 21. g4 Bxf5 22. gxf5 Ng7 23. b4 cxb3 24. axb3 Nxf5 25. b4 Nd7 26. Bxf5 Rxf5 27. Rg1 Rg5 28. Ne2 a5 29. Kd2 Rxg1 30. Qxg1 a4 31. Qg4 Qe7 32. Qh3 Nf6 33. c4 b5 34. Re1 Qd7 35. Qxd7 Nxd7 36. cxb5 Nb6 37. Nc3 Kg7 38. Kc2 Rc8 39. Kd3 Rc4 40. Re4 Rc7 41. Re1 Kf6 42. Ra1 Ra7 43. Ra3 Kf5 44. Ne4 Rd7 45. Nc3 Ra7 46. Ne4 Nxd5 47. Nxd6+ Ke6 48. Ne4 Nxb4+ 49. Kc4 Nd5 50. Nc5+ Kd6 51. Nxa4 Rxa4+ 52. Rxa4 Nb6+ 53. Kb4 Nxa4 54. Kxa4 e4 55. fxe4 f3 56. e5+ Ke6 57. b6 f2 58. b7 f1Q 59. Ka5 Qf8 0-1

[Event "PUR-ch"]
[Site "Guaynabo"]
[Date "2020.12.05"]
[Round "3"]
[White "Candelario Fernandez, Jorge L"]
[Black "Zilleruelo Irizarry, Diego"]
[Result "1/2-1/2"]
[WhiteElo "1764"]
[BlackElo "2081"]
[PlyCount "83"]
[EventDate "2020.12.04"]
[EventType "tourn"]
[EventRounds "9"]
[EventCountry "PUR"]
[SourceTitle "EXT 2022"]
[Source "ChessBase"]
[SourceDate "2021.10.06"]
[SourceVersion "1"]
[SourceVersionDate "2021.10.06"]
[SourceQuality "1"]

1. e4 c6 2. Be2 d5 3. d3 dxe4 4. dxe4 Qxd1+ 5. Bxd1 e5 6. Be3 Be6 7. a3 Nd7 8. Ne2 Nc5 9. Nbc3 a5 10. f3 a4 11. Ng3 g6 12. Be2 f5 13. f4 fxe4 14. fxe5 Nd7 15. Ngxe4 Nxe5 16. Bd4 Bg7 17. 0-0-0 Rd8 18. Bb6 Rxd1+ 19. Rxd1 Nd7 20. Nxa4 Nxb6 21. Nxb6 Be5 22. g3 Nf6 23. Nc5 Ke7 24. Nxe6 Kxe6 25. Bc4+ Kf5 26. Nd7 Nxd7 27. Rxd7 b5 28. Rf7+ Kg5 29. Be2 h5 30. Re7 Kf6 31. Rb7 Ke6 32. c4 bxc4 33. Bxc4+ Kd6 34. Rf7 h4 35. Rf2 hxg3 36. hxg3 Bxg3 37. Rf6+ Kc5 38. Bd3 Be5 39. b4+ Kd4 40. Re6 Kc3 41. Be4 Bf4+ 42. Kd1 1/2-1/2